Pilote de F1 en énigmes - Statistiques

Statistiques générales
  • Ce quiz a été pris 354 fois
  • Le résultat moyen est 7 sur 30
Statistiques - réponses
Hint Réponse % Correct
Premier mot d'enfant NA
74%
Elle protège la table NAPPE
64%
Homme de petite taille NAIN
61%
Le roi de la jungle LION
53%
Pilote VERSTAPPEN
50%
Pilote HAMILTON
49%
Alcool des Caraïbes RHUM
48%
Capitale scandinave OSLO
41%
Pilote SCHUMACHER
30%
Pilote ALONSO
27%
Signé à Nantes EDIT
23%
Matière chiffrée abrégé MATH
23%
Couleur stéphanoise VERTS
22%
Département 81 TARN
19%
1er Pilote TSUNODA
18%
Fait d'être à l'intérieure de la maison DANS
17%
Protègent la caméra CACHES
9%
Lumière faible, éphémère LUEUR
7%
Rouge Sombre GRENAT
5%
Fleuve du Tyrol INN
5%
Nuance de mauve LILAS
5%
Abandonner en anglais OUT
5%
Pilote ANDRETTI
2%
Antonyme de s'abstiendras AGIRAS
1%
Pilote NANNINI
1%
Synonyme de rayer ZEBRER
1%
Dernier Pilote ALGUERSUARI
0%
Papier pour infos FICHE
0%
Pilote FISICHELLA
0%
Pilote RATZENBERGER
0%
Aucun quiz correspondant
Distribution des résultats
% des personnes avec chaque résultat
Percentile par nombre de réponses
Votre historique - résultats
Vous n’avez pas pris ce quiz